Cases in business policy and strategic management (Record no. 36813)

MARC details
000 -LEADER
fixed length control field 00775nam a2200205 a 4500
008 - FIXED-LENGTH DATA ELEMENTS--GENERAL INFORMATION
fixed length control field 120416s1983 ||||||||||||||||| || u
020 ## - INTERNATIONAL STANDARD BOOK NUMBER
International Standard Book Number 0675200245
050 ## - LIBRARY OF CONGRESS CALL NUMBER
Classification number HD 30.28 Har
100 ## - MAIN ENTRY--PERSONAL NAME
Personal name Harvey, Donald F., 1931-
245 10 - TITLE STATEMENT
Title Cases in business policy and strategic management
246 ## - VARYING FORM OF TITLE
Title proper/short title Business policy and strategic management.
260 ## - PUBLICATION, DISTRIBUTION, ETC.
Place of publication, distribution, etc. Ohio
Name of publisher, distributor, etc. C.E. Merrill Pub. Co
Date of publication, distribution, etc. 1983
300 ## - PHYSICAL DESCRIPTION
Extent Viii 227p. : ill.
350 ## - PRICE (NR) (BK AM CF MU VM SE) [OBSOLETE]
Price 0.00
500 ## - GENERAL NOTE
General note Includes bibliographies.
650 ## - SUBJECT ADDED ENTRY--TOPICAL TERM
Topical term or geographic name entry element Management--United States--Case studies
650 #0 - SUBJECT ADDED ENTRY--TOPICAL TERM
Topical term or geographic name entry element MANAGEMENT
650 ## - SUBJECT ADDED ENTRY--TOPICAL TERM
Topical term or geographic name entry element BUSINESS PLANNING--UNITED STATES--CASE STUDIES
995 ## - RECOMMENDATION 995 [LOCAL, UNIMARC FRANCE]
-- 0.00
-- CBU-MAIN LIBRARY (Kitwe)
-- 1
-- 15.95
-- 1
-- DAMAGED
-- Main Library Open Access Collection
Holdings
Withdrawn status Lost status Source of classification or shelving scheme Damaged status Not for loan Home library Current library Shelving location Date acquired Total Checkouts Full call number Barcode Date last seen Price effective from Koha item type
          CBU-MAIN LIBRARY, KITWE. CBU-MAIN LIBRARY, KITWE.   11/30/2022   HD 30.28 Har 003110 11/30/2022 11/30/2022 MONOGRAPH